| 000 | 02236cam a2200433 a 4500 | ||
|---|---|---|---|
| 001 | 15192377 | ||
| 005 | 20090831114215.0 | ||
| 008 | 080225s2008 paua b 001 0 eng | ||
| 010 | _a 2008008470 | ||
| 015 |
_aGBA884075 _2bnb |
||
| 016 | 7 |
_a014657765 _2Uk |
|
| 020 | _a9781599044927 (hardcover) | ||
| 020 | _a1599044927 (hardcover) | ||
| 020 | _a9781599044941 (ebook) | ||
| 020 | _a1599044943 (ebook) | ||
| 035 | _a(OCoLC)ocn182730995 | ||
| 035 | _a(OCoLC)182730995 | ||
| 040 |
_aDLC _cDLC _dBTCTA _dBAKER _dYDXCP _dC#P _dOCLCQ _dBWX _dUKM _dCDX _dDLC |
||
| 042 | _alcac | ||
| 050 | 0 | 0 |
_aQA76.76.A65 _bS6588 2008 |
| 082 | 0 | 0 |
_a005.1 _222 _bBRA |
| 245 | 0 | 0 |
_aSoftware Engineering for Modern Web Applications : _bMethodologies and Technologies / _cDaniel M. Brandon [editor]. |
| 260 |
_aHershey, PA : _bInformation Science Reference, _cc2008. |
||
| 300 |
_axxi, 380 p. : _bill. ; _c29 cm. |
||
| 500 | _a"Premier reference source"--Cover. | ||
| 504 | _aIncludes bibliographical references (p. 354-372) and index. | ||
| 520 | _a"This book presents current, effective software engineering methods for the design and development of modern Web-based applications"--Provided by publisher. | ||
| 650 | 0 |
_aApplication software _xDevelopment. _99103 |
|
| 650 | 0 |
_aInternet programming. _99104 |
|
| 650 | 0 |
_aWeb site development. _99105 |
|
| 650 | 0 |
_aSoftware engineering. _99106 |
|
| 700 | 1 |
_aBrandon, Dan, _d1946- _99107 |
|
| 856 | 4 | 1 |
_3Table of contents only _uhttp://www.loc.gov/catdir/toc/ecip0811/2008008470.html |
| 942 |
_2ddc _cBB |
||
| 999 |
_c12843 _d12843 |
||